000 00888nam a22002057a 4500
005 20080625100955.0
008 080625t xxu||||| |||| 00| 0 hin d
010 _aHIN-46119
020 _c80.00
035 _aHN-27383
037 _bDBAD
040 _adpl
_bHN
082 _a822 / सीमश्या
100 _aसीम, श्यामलाल
245 _aएक सूरज तीन तारेः
_cश्यामलाल सीम
_bतीन हास्यरस रंगमंच नाटक /
260 _aनई दिल्ली
_bअसीम प्रकाशन
_c1999
300 _a120पृ
_c23सेमी.
942 _cHN
_2ddc
_h822
_mसीमश्या
999 _c13989
_d13989